|
|
|
|
| LEADER |
00841pam a2200193 a 4500 |
| 008 |
820407r19821977nyu 000 1 eng |
| 010 |
|
|
|a 82007493
|
| 020 |
|
|
|a 0140062289(pbk.)
|
| 082 |
0 |
0 |
|a 896 COE/I
|2 19
|
| 100 |
1 |
|
|a Coetzee, J. M.,
|
| 245 |
1 |
0 |
|a In the heart of the country /
|c J.M. Coetzee.
|
| 260 |
|
|
|a New York, N.Y. :
|b Penguin Books,
|c 1982, c1977.
|
| 300 |
|
|
|a 138 p. ;
|c 20 cm.
|
| 500 |
|
|
|a Originally published as: In the heart of the country. London : Secker & Warburg, 1977.
|
| 500 |
|
|
|a Reprint. Originally published: From the heart of the country. 1st U.S. ed. New York : Harper & Row, c1977.
|
| 906 |
|
|
|a 7
|b cbc
|c orignew
|d 1
|e ocip
|f 19
|g y-gencatlg
|
| 942 |
|
|
|c BK
|
| 999 |
|
|
|c 193677
|d 193677
|
| 952 |
|
|
|0 0
|1 0
|4 0
|6 896_000000000000000_COE_I
|7 0
|9 213837
|a ENG
|b ENG
|c ST1
|d 2016-07-05
|i 16299
|l 0
|o 896 COE/I
|p ENG16299
|r 2016-07-05
|w 2016-07-05
|y BK
|